|
|
|
|
| LEADER |
04371nam a2200613 4500 |
| 001 |
978-3-030-22999-3 |
| 003 |
DE-He213 |
| 005 |
20191026042654.0 |
| 007 |
cr nn 008mamaa |
| 008 |
190614s2019 gw | s |||| 0|eng d |
| 020 |
|
|
|a 9783030229993
|9 978-3-030-22999-3
|
| 024 |
7 |
|
|a 10.1007/978-3-030-22999-3
|2 doi
|
| 040 |
|
|
|d GrThAP
|
| 050 |
|
4 |
|a Q334-342
|
| 072 |
|
7 |
|a UYQ
|2 bicssc
|
| 072 |
|
7 |
|a COM004000
|2 bisacsh
|
| 072 |
|
7 |
|a UYQ
|2 thema
|
| 082 |
0 |
4 |
|a 006.3
|2 23
|
| 245 |
1 |
0 |
|a Advances and Trends in Artificial Intelligence. From Theory to Practice
|h [electronic resource] :
|b 32nd International Conference on Industrial, Engineering and Other Applications of Applied Intelligent Systems, IEA/AIE 2019, Graz, Austria, July 9-11, 2019, Proceedings /
|c edited by Franz Wotawa, Gerhard Friedrich, Ingo Pill, Roxane Koitz-Hristov, Moonis Ali.
|
| 250 |
|
|
|a 1st ed. 2019.
|
| 264 |
|
1 |
|a Cham :
|b Springer International Publishing :
|b Imprint: Springer,
|c 2019.
|
| 300 |
|
|
|a XXIII, 865 p. 653 illus., 201 illus. in color.
|b online resource.
|
| 336 |
|
|
|a text
|b txt
|2 rdacontent
|
| 337 |
|
|
|a computer
|b c
|2 rdamedia
|
| 338 |
|
|
|a online resource
|b cr
|2 rdacarrier
|
| 347 |
|
|
|a text file
|b PDF
|2 rda
|
| 490 |
1 |
|
|a Lecture Notes in Artificial Intelligence ;
|v 11606
|
| 505 |
0 |
|
|a AI for Estimation and Prediction -- Applied Neural Networks -- Autonomous Systems and Automated Driving -- Data Science and Security -- Decision Support Systems and Recommender Systems -- Fault Detection and Diagnosis -- Intelligent Information Storage and Retrieval -- Intelligent Systems in Real-Life Applications -- Knowledge Representation and Reasoning -- Mobile and Autonomous Robotics -- Natural Language Processing and Sentiment Analysis -- Optimization.
|
| 520 |
|
|
|a This book constitutes the thoroughly refereed proceedings of the 32nd International Conference on Industrial, Engineering and Other Applications of Applied Intelligent Systems, IEA/AIE 2019, held in Graz, Austria, in July 2019. The 41 full papers and 32 short papers presented were carefully reviewed and selected from 151 submissions. The IEA/AIE 2019 conference will continue the tradition of emphasizing on applications of applied intelligent systems to solve real-life problems in all areas. These areas include engineering, science, industry, automation and robotics, business and finance, medicine and biomedicine, bioinformatics, cyberspace, and human-machine interactions. IEA/AIE 2019 will have a special focus on automated driving and autonomous systems and also contributions dealing with such systems or their verification and validation as well. .
|
| 650 |
|
0 |
|a Artificial intelligence.
|
| 650 |
|
0 |
|a Computers.
|
| 650 |
|
0 |
|a Computer organization.
|
| 650 |
|
0 |
|a Computer science-Mathematics.
|
| 650 |
|
0 |
|a Data protection.
|
| 650 |
1 |
4 |
|a Artificial Intelligence.
|0 http://scigraph.springernature.com/things/product-market-codes/I21000
|
| 650 |
2 |
4 |
|a Information Systems and Communication Service.
|0 http://scigraph.springernature.com/things/product-market-codes/I18008
|
| 650 |
2 |
4 |
|a Computer Systems Organization and Communication Networks.
|0 http://scigraph.springernature.com/things/product-market-codes/I13006
|
| 650 |
2 |
4 |
|a Theory of Computation.
|0 http://scigraph.springernature.com/things/product-market-codes/I16005
|
| 650 |
2 |
4 |
|a Mathematics of Computing.
|0 http://scigraph.springernature.com/things/product-market-codes/I17001
|
| 650 |
2 |
4 |
|a Security.
|0 http://scigraph.springernature.com/things/product-market-codes/I28000
|
| 700 |
1 |
|
|a Wotawa, Franz.
|e editor.
|4 edt
|4 http://id.loc.gov/vocabulary/relators/edt
|
| 700 |
1 |
|
|a Friedrich, Gerhard.
|e editor.
|4 edt
|4 http://id.loc.gov/vocabulary/relators/edt
|
| 700 |
1 |
|
|a Pill, Ingo.
|e editor.
|4 edt
|4 http://id.loc.gov/vocabulary/relators/edt
|
| 700 |
1 |
|
|a Koitz-Hristov, Roxane.
|e editor.
|4 edt
|4 http://id.loc.gov/vocabulary/relators/edt
|
| 700 |
1 |
|
|a Ali, Moonis.
|e editor.
|4 edt
|4 http://id.loc.gov/vocabulary/relators/edt
|
| 710 |
2 |
|
|a SpringerLink (Online service)
|
| 773 |
0 |
|
|t Springer eBooks
|
| 776 |
0 |
8 |
|i Printed edition:
|z 9783030229986
|
| 776 |
0 |
8 |
|i Printed edition:
|z 9783030230005
|
| 830 |
|
0 |
|a Lecture Notes in Artificial Intelligence ;
|v 11606
|
| 856 |
4 |
0 |
|u https://doi.org/10.1007/978-3-030-22999-3
|z Full Text via HEAL-Link
|
| 912 |
|
|
|a ZDB-2-SCS
|
| 912 |
|
|
|a ZDB-2-LNC
|
| 950 |
|
|
|a Computer Science (Springer-11645)
|